| 000 | 01464 a2200289 4500 | ||
|---|---|---|---|
| 005 | 2008091106466.0 | ||
| 008 | 080911t xxu||||| |||| 00| 0 hin d | ||
| 010 | _aHIN-79637 B-356883 | ||
| 020 |
_a818955204X _c130.00 |
||
| 035 | _aHN-51983 | ||
| 035 | _aB-356883 | ||
| 037 | _bD.B.Act / pub | ||
| 082 | _aउ | ||
| 100 | _aप्रेमचन्द | ||
| 245 |
_aप्रतिज्ञा _cप्रेमचन्द |
||
| 246 | _bby Premchand | ||
| 260 |
_aजयपुर _bमहेश बुक डिपो _c2006 |
||
| 270 |
_aगोपालजी का रास्ता _bजयपुर |
||
| 300 |
_a110पृ _c22 सेमी (सजिल्द) |
||
| 650 | _aHindi Novel | ||
| 650 | _aहिन्दी उपन्यास | ||
| 942 |
_adpl _cHN _kउ / प्रेमच _2ddc _hउ _mप्रेमच |
||
| 999 |
_c3354 _d3354 |
||